Future-Proof Accounting Data and Technology Strategies
Na minha lista:
| Autor principal: | |
|---|---|
| Formato: | Livro |
| Idioma: | inglês |
| Publicado em: |
Leeds
Emerald Publishing
2024
|
| Edição: | 1st Edition |
| Assuntos: | |
| Tags: |
Sem tags, seja o primeiro a adicionar uma tag!
|
MARC
| LEADER | 00000nam a2200000 4500 | ||
|---|---|---|---|
| 001 | 0311712 | ||
| 005 | 20250821124817.0 | ||
| 020 | |a 978-1-83797-819-9 | ||
| 041 | 0 | |a eng | |
| 044 | |a GB | ||
| 245 | 1 | 0 | |a Future-Proof Accounting |b Data and Technology Strategies |c by Dr. Mfon Akpan |
| 250 | |a 1st Edition | ||
| 264 | 1 | |a Leeds |b Emerald Publishing |c 2024 | |
| 300 | |a 251 s. | ||
| 500 | |a Emerald e-books. | ||
| 610 | 2 | 0 | |a účtovníctvo |
| 610 | 2 | 0 | |a mena virtuálna |
| 610 | 2 | 0 | |a inteligencia umelá |
| 610 | 2 | 0 | |a učenie strojové |
| 100 | 1 | |a Akpan, Mfon | |